Generator Puzzle #15 - Statistics

General Stats
  • This quiz has been taken 1,380 times
    1,186 since last reset
  • The average score is 13 of 21
Answer Stats
Hint Answer % Correct
Sleep noisily Snore
93%
Baking staple Flour
84%
Diesel, eg. Fuel
84%
Browse the web Surf
79%
Little pigs' foe Wolf
79%
Barn bird Owl
78%
Narcissist's love Self
75%
_____-de-lis Fleur
73%
Further down Lower
72%
Said a bad word Swore
69%
Viking language Norse
67%
Poultry Fowl
66%
Fronded plant Fern
58%
Disapproving look Frown
57%
Serious criminal Felon
55%
More adagio Slower
46%
Asian capital Seoul
44%
9-Letter Word SUNFLOWER
40%
Sign up for (Brit.) Enrol
39%
Inferior Worse
39%
Normandy city Rouen
31%
No matching quizzes found
Score Distribution
Percent of People with Each Score
Percentile by Number Answered
Your Score History
You have not taken this quiz since the last reset